[Event "Biel MTO 2013"]
[Site "Biel SUI"]
[Date "2013.07.27"]
[Round "6.12"]
[White "Sebenik, Matej"]
[Black "Medina, Warda Aulia"]
[Result "1-0"]
[WhiteTitle "GM"]
[BlackTitle "WIM"]
[WhiteElo "2511"]
[BlackElo "2286"]
[WhiteFideId "14602296"]
[BlackFideId "7101570"]
[EventDate "2013.07.22"]

1. c4 e5 2. g3 Nf6 3. Bg2 c6 4. d4 exd4 5. Qxd4 d5 6. Nf3 Be7 7. cxd5 Qxd5 8.
Nc3 Qh5 9. Bg5 h6 10. Bxf6 Bxf6 11. Qe4+ Be6 12. Qb4 Nd7 13. O-O Nc5 14. Rfd1 a5
15. Qf4 O-O 16. Rac1 Rad8 17. Qc7 a4 18. Qb6 Rxd1+ 19. Nxd1 Rd8 20. Ne3 Be7 21.
h3 Ne4 22. Qxb7 Bc5 23. Qc7 Rd7 24. Qb8+ Kh7 25. Qe5 Qxe5 26. Nxe5 Bxe3 27.
Bxe4+ g6 28. fxe3 Rd2 29. Rc2 Rd1+ 30. Kf2 Bxh3 31. Bg2 Be6 32. a3 Bb3 33. Rxc6 1-0

[Event "Biel MTO 2013"]
[Site "Biel SUI"]
[Date "2013.07.27"]
[Round "6.13"]
[White "Lang, Torsten"]
[Black "Wirig, Anthony"]
[Result "1/2-1/2"]
[WhiteTitle "FM"]
[BlackTitle "GM"]
[WhiteElo "2338"]
[BlackElo "2496"]
[WhiteFideId "4619315"]
[BlackFideId "615013"]
[EventDate "2013.07.22"]

1. d4 Nf6 2. Nf3 d5 3. Bf4 c5 4. e3 Nc6 5. c3 Qb6 6. Qb3 c4 7. Qc2 Bf5 8. Qc1
Nh5 9. Bg3 Nxg3 10. hxg3 e5 11. Nxe5 Nxe5 12. dxe5 Qe6 13. Nd2 Qxe5 14. Nf3 Qf6
15. Qd1 Be4 16. Rh5 O-O-O 17. Qd4 Qg6 18. Rg5 Qh6 19. Re5 Qc6 20. Qxa7 Bc5 21.
Qa5 Bb6 22. Qa3 Bc5 23. Qa5 Bb6 1/2-1/2

[Event "Biel MTO 2013"]
[Site "Biel SUI"]
[Date "2013.07.27"]
[Round "6.14"]
[White "Donchenko, Alexander"]
[Black "Sean, Winshand Cuhendi"]
[Result "1/2-1/2"]
[WhiteTitle "IM"]
[WhiteElo "2477"]
[BlackElo "2259"]
[WhiteFideId "24603295"]
[BlackFideId "7101554"]
[EventDate "2013.07.22"]

1. c4 e5 2. g3 Nc6 3. Nc3 g6 4. Bg2 Bg7 5. e4 d6 6. Nge2 Be6 7. d3 f5 8. Nd5 Nf6
9. O-O O-O 10. Bg5 Qd7 11. Qd2 Rf7 12. b4 fxe4 13. dxe4 Bh3 14. f3 Bxg2 15. Kxg2
Nd8 16. Rad1 Ne6 17. Be3 Ne8 18. Qc2 c6 19. Ndc3 Qc7 20. Qb3 Qe7 21. Rd2 Nf6 22.
Qa3 a6 23. Rfd1 Raf8 24. Ng1 Nd4 25. Bxd4 exd4 26. Rxd4 Ng4 27. Nce2 Bxd4 28.
Nxd4 Ne5 29. c5 dxc5 30. bxc5 Nc4 31. Qc3 Qxc5 32. Rc1 Rd8 33. Ne6 Ne3+ 34. Kh1
Qxc3 35. Rxc3 Re8 36. Nc5 Nd1 37. Rb3 Re5 38. Nxb7 Rb5 39. Nd6 Rxb3 40. axb3 Rd7
41. e5 Nf2+ 42. Kg2 Nd3 43. f4 Nc5 44. b4 Nd3 45. Ne2 Nxb4 46. Kf3 Kf8 47. g4 a5
48. Nc3 Ke7 49. Ke4 Nd5 50. Nxd5+ cxd5+ 51. Kxd5 a4 52. Kc4 Rxd6 53. exd6+ Kxd6
54. h4 h5 55. gxh5 gxh5 56. Kb4 Ke6 57. Kxa4 Kf5 58. Kb4 Kg4 59. Kc4 Kxh4 60.
Kd4 Kg4 61. f5 1/2-1/2

[Event "Biel MTO 2013"]
[Site "Biel SUI"]
[Date "2013.07.27"]
[Round "6.15"]
[White "Farid, Firman Syah"]
[Black "Nuri, Kambez"]
[Result "1-0"]
[WhiteTitle "IM"]
[BlackTitle "FM"]
[WhiteElo "2396"]
[BlackElo "2244"]
[WhiteFideId "7102526"]
[BlackFideId "1311433"]
[EventDate "2013.07.22"]

1. d4 Nf6 2. c4 g6 3. Nc3 Bg7 4. g3 O-O 5. Bg2 d6 6. Nf3 Nbd7 7. O-O e5 8. e3 c6
9. b3 e4 10. Nd2 d5 11. Bb2 Nb6 12. c5 Nbd7 13. f3 exf3 14. Qxf3 b6 15. cxb6
Nxb6 16. Kh1 Bf5 17. e4 dxe4 18. Ndxe4 Nxe4 19. Nxe4 Nd5 20. Rad1 h5 21. Ba3 Re8 1-0

[Event "Biel MTO 2013"]
[Site "Biel SUI"]
[Date "2013.07.27"]
[Round "6.16"]
[White "Padurariu, Ioana-Smaranda"]
[Black "Schiendorfer, Emanuel"]
[Result "0-1"]
[WhiteTitle "WIM"]
[BlackTitle "FM"]
[WhiteElo "2208"]
[BlackElo "2392"]
[WhiteFideId "1210947"]
[BlackFideId "1309889"]
[EventDate "2013.07.22"]

1. e4 c5 2. Nf3 d6 3. d4 cxd4 4. Nxd4 Nf6 5. Nc3 Nc6 6. Bg5 g6 7. Bxf6 exf6 8.
Bc4 Bg7 9. Ndb5 O-O 10. Qxd6 f5 11. O-O-O Qa5 12. Nd5 fxe4 13. Nf6+ Kh8 14. Nxe4
Bf5 15. Ng3 Be6 16. Bxe6 fxe6 17. Na3 Rac8 18. Kb1 Qb6 19. Nc4 Qb5 20. b3 Na5
21. Na3 Qg5 22. Qxe6 Qc5 23. Qd6 Qc3 24. Kc1 Qb2+ 0-1

[Event "Biel MTO 2013"]
[Site "Biel SUI"]
[Date "2013.07.27"]
[Round "6.17"]
[White "Masruri, Rahman"]
[Black "Schoorl, Rob"]
[Result "1/2-1/2"]
[BlackTitle "FM"]
[WhiteElo "2174"]
[BlackElo "2340"]
[WhiteFideId "7101163"]
[BlackFideId "1009508"]
[EventDate "2013.07.22"]

1. e4 e6 2. d4 d5 3. Nc3 Nf6 4. Bg5 Bb4 5. e5 h6 6. Be3 Ne4 7. Qg4 g6 8. a3
Bxc3+ 9. bxc3 c5 10. Bd3 h5 11. Qf4 g5 12. Qf3 Nxc3 13. dxc5 d4 14. Bd2 Nc6 15.
Qg3 Qd5 16. Bxc3 dxc3 17. Qxg5 Qxe5+ 18. Qxe5 Nxe5 19. Ne2 Nxd3+ 20. cxd3 Rg8
21. Nxc3 Rxg2 22. Ke2 Bd7 23. Rag1 Rxg1 24. Rxg1 Ke7 25. Rg5 Rh8 26. h4 Bc6 27.
Ke3 Rh7 28. Ne4 f6 29. Rg6 Bxe4 30. Kxe4 Kf7 31. Rg1 Rh8 32. Rb1 b6 33. cxb6
axb6 1/2-1/2

[Event "Biel MTO 2013"]
[Site "Biel SUI"]
[Date "2013.07.27"]
[Round "6.18"]
[White "Meins, Gerlef"]
[Black "Schaerer, Julian"]
[Result "1-0"]
[WhiteTitle "IM"]
[WhiteElo "2474"]
[BlackElo "2294"]
[WhiteFideId "4620895"]
[BlackFideId "1321048"]
[EventDate "2013.07.22"]

1. d4 d5 2. c4 c6 3. Nf3 Nf6 4. e3 g6 5. Nc3 Bg7 6. Be2 O-O 7. O-O dxc4 8. Bxc4
Bg4 9. Be2 Nbd7 10. e4 Bxf3 11. Bxf3 e5 12. Be3 exd4 13. Bxd4 Qa5 14. b4 Qc7 15.
Rc1 Rfd8 16. b5 c5 17. Bxf6 Nxf6 18. Qb3 Rac8 19. e5 Qxe5 20. Bxb7 Ng4 21. g3
Rc7 22. Bf3 Rd3 23. Rfe1 Ne3 24. Qb1 Rxc3 25. Rxc3 Qxc3 26. Rxe3 Qb4 27. Re8+
Bf8 28. Qd3 Re7 29. Rc8 Qd4 30. Qxd4 cxd4 31. Kf1 Kg7 32. a4 Re5 33. Rc7 Re7 34.
Rc4 Rd7 35. a5 Kf6 36. b6 axb6 37. axb6 Rd8 38. b7 Bd6 39. Rxd4 Ke7 40. Rc4 Bb8
41. Rc8 Be5 42. Ke2 Bb8 43. h4 h5 44. Bc6 Be5 45. f4 Bb8 46. Ba4 Rf8 47. Bb3 f6
48. Bc2 g5 49. Kf3 gxf4 50. gxf4 Rd8 51. Bg6 Kd7 52. Bxh5 Ba7 53. Bg6 Ke7 54. h5
Rd2 55. b8=Q 1-0

[Event "Biel MTO 2013"]
[Site "Biel SUI"]
[Date "2013.07.27"]
[Round "6.19"]
[White "Cherniaev, Alexander"]
[Black "Zuse, Klaus-Peter"]
[Result "1/2-1/2"]
[WhiteTitle "GM"]
[BlackTitle "FM"]
[WhiteElo "2447"]
[BlackElo "2263"]
[WhiteFideId "4117301"]
[BlackFideId "4605306"]
[EventDate "2013.07.22"]

1. e4 c5 2. Ne2 d6 3. g3 g6 4. Bg2 Bg7 5. c3 e6 6. d4 cxd4 7. cxd4 Ne7 8. O-O
O-O 9. Nbc3 Nbc6 10. Rb1 d5 11. e5 f6 12. f4 Bd7 13. Be3 Nf5 14. Bf2 Rc8 15. g4
Nfe7 16. Be3 Qa5 17. Qd2 b5 18. b3 g5 19. exf6 Rxf6 20. fxg5 Rxf1+ 21. Rxf1 b4
22. Na4 e5 23. h3 Nxd4 24. Nxd4 exd4 25. Bxd4 Bxd4+ 26. Qxd4 Bxa4 27. bxa4 Qc5
28. Rd1 a5 29. Qxc5 Rxc5 30. Rd2 Kf7 31. Kh2 Ke6 32. Bf1 Ng6 33. Bd3 Ke5 34. Rf2
Rc3 35. Bxg6 hxg6 36. Rf6 d4 37. Rxg6 d3 38. Rg8 Rc4 39. g6 d2 40. Rd8 Rd4 41.
Rxd4 Kxd4 42. g7 d1=Q 43. g8=Q Qe2+ 1/2-1/2

[Event "Biel MTO 2013"]
[Site "Biel SUI"]
[Date "2013.07.27"]
[Round "6.20"]
[White "Sihite, Chelsie Monica"]
[Black "Cebalo, Miso"]
[Result "0-1"]
[WhiteTitle "WIM"]
[BlackTitle "GM"]
[WhiteElo "2285"]
[BlackElo "2438"]
[WhiteFideId "7101198"]
[BlackFideId "14500094"]
[EventDate "2013.07.22"]

1. e4 c5 2. Nf3 Nc6 3. Bb5 d6 4. O-O Bd7 5. Re1 Nf6 6. c3 a6 7. Bf1 Bg4 8. h3
Bh5 9. d3 e6 10. a4 Be7 11. Na3 d5 12. e5 Nd7 13. g4 Bg6 14. Nc2 Rb8 15. Bf4 b5
16. axb5 axb5 17. Ne3 d4 18. Ng2 Nb6 19. Bg3 Nd5 20. Ra6 Rb6 21. Rxb6 Qxb6 22.
Nf4 Nxf4 23. Bxf4 dxc3 24. bxc3 O-O 25. d4 cxd4 26. Nxd4 Rd8 27. Nxc6 Qxc6 28.
Qb3 Qf3 29. Bg3 Bc5 30. Bh4 Rd2 31. Bg2 Bxf2+ 32. Kh1 Qf4 33. Qxb5 h5 34. Rf1
hxg4 35. Rxf2 Rxf2 36. Bxf2 gxh3 37. Bxh3 Qxf2 38. Qb8+ Kh7 39. Qb4 0-1

[Event "Biel MTO 2013"]
[Site "Biel SUI"]
[Date "2013.07.29"]
[Round "7.1"]
[White "Bartel, Mateusz"]
[Black "Harikrishna, Pentala"]
[Result "1/2-1/2"]
[WhiteTitle "GM"]
[BlackTitle "GM"]
[WhiteElo "2619"]
[BlackElo "2680"]
[WhiteFideId "1112635"]
[BlackFideId "5007003"]
[EventDate "2013.07.22"]

1. e4 e5 2. Nf3 Nc6 3. Bb5 a6 4. Ba4 Nf6 5. O-O Be7 6. d3 b5 7. Bb3 d6 8. a3 Nb8
9. Nc3 Nbd7 10. Ng5 O-O 11. f4 c5 12. Kh1 Bb7 13. Qe2 Rc8 14. a4 b4 15. Nd1 c4
16. Bxc4 h6 17. Nf3 Rxc4 18. dxc4 Nxe4 19. Ne3 f5 20. Nd5 Qe8 21. Be3 Bxd5 22.
cxd5 exf4 23. Bd4 g5 24. Rae1 Bf6 25. Bxf6 Ndxf6 26. Nd4 Qg6 27. Kg1 Re8 28.
Qxa6 Ng4 29. Qd3 Ne5 30. Qb5 Nd2 31. Qxb4 Nxf1 32. Rxf1 Ng4 33. Re1 Ne3 34. Qb5
Re4 35. Ne6 Qf7 36. a5 Qa7 37. Kh1 Ng4 38. Rf1 Kh7 39. h3 Nf6 40. a6 Kg6 41. c3
Qe3 42. Qb7 Nh5 43. Nf8+ Kf6 44. Nd7+ 1/2-1/2

[Event "Biel MTO 2013"]
[Site "Biel SUI"]
[Date "2013.07.29"]
[Round "7.2"]
[White "Salem, A.R. Saleh"]
[Black "Grachev, Boris"]
[Result "1/2-1/2"]
[WhiteTitle "GM"]
[BlackTitle "GM"]
[WhiteElo "2531"]
[BlackElo "2683"]
[WhiteFideId "9301348"]
[BlackFideId "4129199"]
[EventDate "2013.07.22"]

1. d4 d5 2. c4 e6 3. Nf3 Nf6 4. Nc3 Nbd7 5. Bg5 Be7 6. e3 O-O 7. Qc2 h6 8. Bf4
dxc4 9. Bxc4 Nb6 10. Bb3 Nbd5 11. O-O Nxf4 12. exf4 c5 13. dxc5 Qc7 14. Rfd1
Qxf4 15. Nb5 Qb4 16. Nd6 b6 17. Rac1 bxc5 18. Bc4 Qb8 19. Nxc8 Rxc8 20. Qe2 Qb6
21. Ne5 Rd8 22. Re1 Rd6 23. Bb3 Qc7 24. Qc4 1/2-1/2

[Event "Biel MTO 2013"]
[Site "Biel SUI"]
[Date "2013.07.29"]
[Round "7.3"]
[White "Solak, Dragan"]
[Black "Kurnosov, Igor"]
[Result "1-0"]
[WhiteTitle "GM"]
[BlackTitle "GM"]
[WhiteElo "2598"]
[BlackElo "2657"]
[WhiteFideId "916811"]
[BlackFideId "4142527"]
[EventDate "2013.07.22"]

1. e4 c5 2. Nf3 d6 3. d4 cxd4 4. Nxd4 Nf6 5. Nc3 a6 6. Bg5 Nbd7 7. Qe2 h6 8. Bh4
g6 9. f4 e5 10. fxe5 dxe5 11. O-O-O Qc7 12. Nb3 b5 13. Qf3 Bg7 14. a3 O-O 15.
Kb1 Rb8 16. Be2 Rb6 17. g4 Bb7 18. Rhf1 b4 19. axb4 Rxb4 20. Rxd7 Nxd7 21. Be7
Rb6 22. Na5 Rb8 23. Nc4 Nf6 24. Nxb6 Qxe7 25. Nc4 Bc8 26. Nd5 Nxd5 27. exd5 e4
28. Qg3 Rb5 29. c3 Qb7 30. Rd1 Kh7 31. Rd2 Rxd5 32. Nd6 Rxd2 33. Nxb7 Rxe2 34.
Nc5 e3 35. h3 f5 36. Nd3 fxg4 37. hxg4 Bb7 38. Qf4 Bd5 39. c4 Be6 40. Qe4 Bd7
41. Ne5 Ba4 42. Qxg6+ Kh8 43. Ka2 Bc2 44. Nf7+ Kg8 45. Nxh6+ Kh8 46. Nf7+ Kg8
47. Nh6+ Kh8 48. Nf7+ Kg8 49. Qe6 Rf2 50. Ng5+ Kh8 51. Qxe3 Rf6 52. Qe8+ Rf8 53.
Qh5+ Kg8 54. Ne6 Rf3 55. Qe8+ Bf8 56. Nd4 1-0

[Event "Biel MTO 2013"]
[Site "Biel SUI"]
[Date "2013.07.29"]
[Round "7.5"]
[White "Hausrath, Daniel"]
[Black "Ganguly, Surya Shekhar"]
[Result "1/2-1/2"]
[WhiteTitle "IM"]
[BlackTitle "GM"]
[WhiteElo "2516"]
[BlackElo "2628"]
[WhiteFideId "4617495"]
[BlackFideId "5002150"]
[EventDate "2013.07.22"]

1. Nf3 Nf6 2. g3 d5 3. Bg2 e6 4. O-O Be7 5. b3 O-O 6. Bb2 c5 7. e3 Nc6 8. c4 a6
9. Qe2 dxc4 10. bxc4 Rb8 11. d4 cxd4 12. Nxd4 Bd7 13. Nd2 Qc7 14. Rfc1 Rfd8 15.
c5 Nxd4 16. Bxd4 Bc6 17. Bxc6 Qxc6 18. Rab1 Nd7 19. Nb3 Qe4 20. Qc2 Qd5 21. c6
Rbc8 22. c7 Re8 23. Rd1 Qb5 1/2-1/2

[Event "Biel MTO 2013"]
[Site "Biel SUI"]
[Date "2013.07.29"]
[Round "7.6"]
[White "Bu, Xiangzhi"]
[Black "Zhao, Xue"]
[Result "1-0"]
[WhiteTitle "GM"]
[BlackTitle "GM"]
[WhiteElo "2664"]
[BlackElo "2553"]
[WhiteFideId "8601445"]
[BlackFideId "8601283"]
[EventDate "2013.07.22"]

1. c4 e6 2. Nc3 d5 3. d4 Bb4 4. Qc2 Nf6 5. a3 Bxc3+ 6. Qxc3 O-O 7. Bg5 h6 8.
Bxf6 Qxf6 9. Nf3 c6 10. e3 Nd7 11. Rc1 a5 12. Bd3 Re8 13. O-O dxc4 14. Qxc4 e5
15. Bb1 Qe7 16. e4 exd4 17. Nxd4 Nf6 18. f4 b5 19. Qc5 Qxc5 20. Rxc5 Nxe4 21.
Re1 Nd6 22. Rxe8+ Nxe8 23. Nxc6 Bb7 24. Ne5 Rd8 25. Ba2 Rd1+ 26. Kf2 Nd6 27. Ke2
Rd4 28. Nxf7 Nxf7 29. Bxf7+ Kxf7 30. Rc7+ Kf6 31. Rxb7 Rd5 32. g4 a4 33. Ke3 Rc5
34. h4 h5 35. g5+ Kf5 36. Rxg7 Rc2 37. Rf7+ Kg6 38. Rf6+ Kg7 39. Ra6 Rxb2 40. f5
Rg2 41. Ra7+ Kf8 42. Kf4 Rg4+ 43. Ke5 Rxh4 44. g6 Rg4 45. Kf6 Ke8 46. g7 1-0

[Event "Biel MTO 2013"]
[Site "Biel SUI"]
[Date "2013.07.29"]
[Round "7.7"]
[White "Sandipan, Chanda"]
[Black "Cvitan, Ognjen"]
[Result "1/2-1/2"]
[WhiteTitle "GM"]
[BlackTitle "GM"]
[WhiteElo "2623"]
[BlackElo "2562"]
[WhiteFideId "5004225"]
[BlackFideId "14500086"]
[EventDate "2013.07.22"]

1. d4 Nf6 2. c4 e6 3. g3 c5 4. d5 exd5 5. cxd5 d6 6. Nc3 g6 7. Nf3 Bg7 8. Bg2
O-O 9. O-O Re8 10. Bf4 Na6 11. Re1 Bg4 12. h3 Bxf3 13. Bxf3 Nd7 14. Ne4 Ne5 15.
Bg2 h6 16. Nd2 Rc8 17. Bxe5 Bxe5 18. Nc4 b5 19. Nxe5 Rxe5 20. Qd2 h5 21. b3 c4
22. Rac1 cxb3 23. Rxc8 Qxc8 24. axb3 Nc5 25. b4 Ne4 26. Rc1 Nxd2 27. Rxc8+ Kg7
28. e3 Re7 29. Rb8 Rc7 30. Rxb5 Rc1+ 31. Kh2 Rc2 32. Kg1 Rc1+ 33. Kh2 Rc2 34.
Kg1 1/2-1/2

[Event "Biel MTO 2013"]
[Site "Biel SUI"]
[Date "2013.07.29"]
[Round "7.8"]
[White "Sebenik, Matej"]
[Black "Farid, Firman Syah"]
[Result "1/2-1/2"]
[WhiteTitle "GM"]
[BlackTitle "IM"]
[WhiteElo "2511"]
[BlackElo "2396"]
[WhiteFideId "14602296"]
[BlackFideId "7102526"]
[EventDate "2013.07.22"]

1. d4 Nf6 2. c4 e6 3. Nc3 Bb4 4. e3 c5 5. Ne2 b6 6. a3 Ba5 7. Rb1 Na6 8. Bd2 O-O
9. Nf4 d6 10. Bd3 Bb7 11. O-O e5 12. Nfe2 exd4 13. exd4 d5 14. Bg5 Bxc3 15. bxc3
cxd4 16. cxd4 dxc4 17. Bxc4 Nc7 18. a4 Qd6 19. Qb3 Ncd5 20. Ng3 Qd7 21. a5 Rac8
22. Bb5 Qg4 23. Bxf6 Nxf6 24. axb6 axb6 25. Be2 Qxd4 26. Qxb6 Qxb6 27. Rxb6 1/2-1/2

[Event "Biel MTO 2013"]
[Site "Biel SUI"]
[Date "2013.07.29"]
[Round "7.9"]
[White "Schiendorfer, Emanuel"]
[Black "Huang, Qian"]
[Result "1/2-1/2"]
[WhiteTitle "FM"]
[BlackTitle "WGM"]
[WhiteElo "2392"]
[BlackElo "2487"]
[WhiteFideId "1309889"]
[BlackFideId "8602689"]
[EventDate "2013.07.22"]

1. d4 d6 2. e4 e5 3. Nf3 exd4 4. Nxd4 g6 5. Nc3 Bg7 6. Be3 Nf6 7. Qd2 O-O 8.
O-O-O a6 9. f3 b5 10. g4 b4 11. Nce2 Nfd7 12. Bh6 Ne5 13. Bxg7 Kxg7 14. h4 c5
15. h5 cxd4 16. hxg6 fxg6 17. Qh6+ Kf7 18. f4 Ke8 19. Qxh7 Qe7 20. fxe5 Qxh7 21.
Rxh7 dxe5 22. Bh3 Nc6 23. c3 bxc3 24. bxc3 Be6 25. Rc7 1/2-1/2

[Event "Biel MTO 2013"]
[Site "Biel SUI"]
[Date "2013.07.29"]
[Round "7.12"]
[White "Schoorl, Rob"]
[Black "Saric, Ante"]
[Result "1/2-1/2"]
[WhiteTitle "FM"]
[BlackTitle "GM"]
[WhiteElo "2340"]
[BlackElo "2565"]
[WhiteFideId "1009508"]
[BlackFideId "14506254"]
[EventDate "2013.07.22"]

1. e4 e5 2. Nf3 Nc6 3. Bb5 a6 4. Ba4 Nge7 5. c3 g6 6. O-O Bg7 7. d4 exd4 8. cxd4
b5 9. Bb3 O-O 10. d5 Na5 11. Bc2 d6 12. Nc3 b4 13. Ne2 c6 14. dxc6 Nexc6 15. h3
Bb7 16. Nf4 Nc4 17. Rb1 N4e5 18. Nxe5 dxe5 19. Nd5 Nd4 20. Nxb4 a5 21. Nd5 Bxd5
22. exd5 Qxd5 23. Be3 Rfd8 24. Bxd4 Qb7 25. Qe2 Rxd4 26. Rfd1 Rxd1+ 27. Qxd1 Bf8
28. Qe2 Qc7 29. Bb3 Bc5 30. Rd1 Bd4 31. Rd2 Kg7 32. Rc2 Qd7 33. Bc4 Rb8 34. Rd2
Qa7 35. b3 Rb6 36. Rd3 Rd6 37. Kf1 Qc5 38. a4 Qa3 39. g3 Qc5 40. Qe4 Qc7 41. g4
Qc6 42. Qxc6 Rxc6 43. Ke2 Rd6 44. g5 e4 45. Rd1 f6 46. gxf6+ Kxf6 47. f3 exf3+
48. Kxf3 Kf5 49. Kg2 Ke4 50. Bd3+ Ke3 51. Bc4 Rd7 52. Re1+ Kd2 53. Re6 Kc3 54.
h4 Bc5 55. Re5 Rd2+ 56. Kf3 Kb4 1/2-1/2

[Event "Biel MTO 2013"]
[Site "Biel SUI"]
[Date "2013.07.29"]
[Round "7.13"]
[White "Adianto, Utut"]
[Black "Masruri, Rahman"]
[Result "1-0"]
[WhiteTitle "GM"]
[WhiteElo "2548"]
[BlackElo "2174"]
[WhiteFideId "7100019"]
[BlackFideId "7101163"]
[EventDate "2013.07.22"]

1. Nf3 Nf6 2. c4 e6 3. g3 b6 4. Bg2 Bb7 5. O-O Be7 6. Nc3 O-O 7. d4 d5 8. Ne5
Na6 9. Bf4 c5 10. cxd5 exd5 11. Rc1 Nc7 12. dxc5 bxc5 13. Qb3 Rb8 14. Rfd1 Bd6
15. Qc2 Qe7 16. Nd3 Ne6 17. Bxd6 Qxd6 18. Qd2 Rfd8 19. Nf4 d4 20. Bxb7 Rxb7 21.
Na4 Rc7 22. b3 Re8 23. Nxe6 Rxe6 24. Rc2 h6 25. Rdc1 Ne4 26. Qd3 f5 27. b4 1-0

[Event "Biel MTO 2013"]
[Site "Biel SUI"]
[Date "2013.07.29"]
[Round "7.14"]
[White "Malakhatko, Vadim"]
[Black "Lang, Torsten"]
[Result "1-0"]
[WhiteTitle "GM"]
[BlackTitle "FM"]
[WhiteElo "2529"]
[BlackElo "2338"]
[WhiteFideId "14104202"]
[BlackFideId "4619315"]
[EventDate "2013.07.22"]

1. d4 g6 2. c4 Bg7 3. Nc3 Nf6 4. e4 d6 5. Nf3 O-O 6. Be2 e5 7. O-O exd4 8. Nxd4
Re8 9. f3 c6 10. Bf4 Nh5 11. Be3 f5 12. Qd2 f4 13. Bf2 Be5 14. Rfd1 Qf6 15. Rac1
Na6 16. a3 Nc5 17. b4 Ne6 18. Nb3 Ng3 19. Bd3 Qh4 20. c5 Ng5 21. cxd6 Bh3 22.
Bc4+ Be6 23. Bxe6+ Rxe6 24. Nc5 Rxd6 25. Qa2+ Kg7 26. Rxd6 Bxd6 27. Ne6+ Kh6 28.
hxg3 fxg3 29. Be3 Qh2+ 30. Kf1 Qh1+ 31. Ke2 Qxg2+ 32. Kd3 Qxf3 33. Nxg5 1-0

[Event "Biel MTO 2013"]
[Site "Biel SUI"]
[Date "2013.07.29"]
[Round "7.15"]
[White "Sean, Winshand Cuhendi"]
[Black "Megaranto, Susanto"]
[Result "0-1"]
[BlackTitle "GM"]
[WhiteElo "2259"]
[BlackElo "2524"]
[WhiteFideId "7101554"]
[BlackFideId "7101384"]
[EventDate "2013.07.22"]

1. d4 Nf6 2. Bf4 d5 3. e3 c6 4. c4 g6 5. h3 Bg7 6. Nc3 O-O 7. Nf3 Be6 8. Qb3
dxc4 9. Bxc4 Bxc4 10. Qxc4 Nbd7 11. O-O e6 12. e4 Rc8 13. Rad1 b5 14. Qd3 b4 15.
Na4 Qa5 16. b3 Rfd8 17. e5 Nd5 18. Bg5 Rf8 19. Nd2 c5 20. Nc4 Qa6 21. Qd2 cxd4
22. Bh6 N7b6 23. Bxg7 Kxg7 24. Naxb6 axb6 25. Qxd4 Qxa2 26. Nxb6 Nxb6 27. Qxb6
Qxb3 28. Rb1 Qc3 29. Qxb4 Qxe5 0-1

[Event "Biel MTO 2013"]
[Site "Biel SUI"]
[Date "2013.07.29"]
[Round "7.18"]
[White "Botta, Gabriele"]
[Black "Meins, Gerlef"]
[Result "1/2-1/2"]
[WhiteTitle "FM"]
[BlackTitle "IM"]
[WhiteElo "2319"]
[BlackElo "2474"]
[WhiteFideId "1312120"]
[BlackFideId "4620895"]
[EventDate "2013.07.22"]

1. e4 c5 2. Nf3 Nc6 3. c3 Nf6 4. e5 Nd5 5. d4 cxd4 6. cxd4 d6 7. Bc4 dxe5 8.
Nxe5 e6 9. O-O Be7 10. Qg4 O-O 11. Rd1 Bf6 12. Qe4 Qc7 13. Bd3 g6 14. Nxc6 Qxc6
15. Nc3 Rd8 16. Bh6 Bd7 17. Qf3 Bg7 18. Bxg7 Kxg7 19. Be4 Be8 20. Bxd5 exd5 21.
Re1 Qf6 22. Qxf6+ Kxf6 23. Rxe8 Rxe8 24. Nxd5+ Kf5 25. Nc7 Rac8 26. Nxe8 Rxe8
27. Rd1 Re2 28. d5 Re7 29. a3 Ke5 30. Kf1 1/2-1/2

[Event "Biel MTO 2013"]
[Site "Biel SUI"]
[Date "2013.07.29"]
[Round "7.19"]
[White "Hakimifard, Ghazal"]
[Black "Cherniaev, Alexander"]
[Result "1/2-1/2"]
[WhiteTitle "WIM"]
[BlackTitle "GM"]
[WhiteElo "2196"]
[BlackElo "2447"]
[WhiteFideId "12506540"]
[BlackFideId "4117301"]
[EventDate "2013.07.22"]

1. e4 c5 2. Nf3 d6 3. d4 cxd4 4. Nxd4 Nf6 5. Nc3 g6 6. Be2 Bg7 7. O-O O-O 8. Bg5
Nc6 9. Nb3 b6 10. Kh1 Bb7 11. f4 Nd7 12. Qd2 a5 13. Bb5 Nc5 14. Rae1 Na7 15. Bc4
Ne6 16. Bh4 a4 17. f5 Nc7 18. Nd4 Nc6 19. Nxc6 Bxc6 20. fxg6 hxg6 21. Qf2 Ne6
22. Nd5 Ra7 23. c3 Rb7 24. Nf4 Nxf4 25. Qxf4 Qe8 26. a3 Bb5 27. Bd5 Bxf1 28.
Bxb7 Bc4 29. Bd5 b5 30. Qg5 e6 31. Bxc4 bxc4 32. Bg3 Qc6 33. Qe7 e5 34. Qg5 Rb8
35. Re2 Re8 36. Qd2 Rd8 37. Qg5 Rd7 38. h3 Qa8 39. Qg4 Qe8 40. Rd2 Qe6 41. Qd1
f5 42. Qxa4 fxe4 43. Qa8+ Kh7 44. Qxe4 d5 1/2-1/2

[Event "Biel MTO 2013"]
[Site "Biel SUI"]
[Date "2013.07.29"]
[Round "7.20"]
[White "Raetsky, Alexander"]
[Black "Zuse, Klaus-Peter"]
[Result "1-0"]
[WhiteTitle "GM"]
[BlackTitle "FM"]
[WhiteElo "2412"]
[BlackElo "2263"]
[WhiteFideId "4103203"]
[BlackFideId "4605306"]
[EventDate "2013.07.22"]

1. c4 Nf6 2. Nc3 d5 3. cxd5 Nxd5 4. e4 Nb4 5. Nf3 c5 6. Bc4 Nd3+ 7. Ke2 Nf4+ 8.
Kf1 Ne6 9. b4 cxb4 10. Ne2 Nc5 11. Qc2 e6 12. d4 Ncd7 13. Bb2 Be7 14. Rd1 Nb6
15. Bb3 O-O 16. h4 Na6 17. d5 exd5 18. exd5 Bf6 19. Ng5 g6 20. Ne4 Bg7 21. h5
Bf5 22. Bxg7 Kxg7 23. N2g3 Bxe4 24. Nxe4 Rc8 25. Qb2+ f6 26. hxg6 hxg6 27. Ng5
Nc5 28. Rh7+ Kg8 29. d6+ Nxb3 30. Qxb3+ Nc4 31. Qd3 Ne3+ 32. Kg1 f5 33. Qxe3 1-0